Silvela en el Ateneo (Record no. 193646)
[ view plain ]
| 000 -LEADER | |
|---|---|
| campo de control de longitud fija | 01077nam a2200301 i 4500 |
| 001 - NÚMERO DE CONTROL | |
| campo de control | 193646 |
| 003 - IDENTIFICADOR DE NÚMERO DE CONTROL | |
| campo de control | ES-MaACL |
| 005 - FECHA Y HORA DE LA ÚLTIMA TRANSACCIÓN | |
| campo de control | 20250829063133.0 |
| 007 - CAMPO FIJO DE DESCRIPCIÓN FÍSICA--INFORMACIÓN GENERAL | |
| campo de control de longitud fija | ta |
| 008 - DATOS DE LONGITUD FIJA--INFORMACIÓN GENERAL | |
| campo de control de longitud fija | 240201s1904 sp | |||| 000 spa |
| 040 ## - FUENTE DE CATALOGACIÓN | |
| Centro catalogador/agencia de origen | Es-MaACL |
| 245 00 - MENCIÓN DEL TÍTULO | |
| Título | Silvela en el Ateneo |
| 246 1# - FORMA VARIANTE DEL TITULO | |
| Título propio/Titulo breve | Historia de la ética en España |
| 264 #1 - PRODUCCIÓN, PUBLICACIÓN, DISTRIBUCIÓN, FABRICACIÓN Y COPYRIGHT | |
| Producción, publicación, distribución, fabricación y copyright | [Madrid] : |
| Nombre del de productor, editor, distribuidor, fabricante | El Gráfico, |
| Fecha de producción, publicación, distribución, fabricación o copyright | 1904 |
| 300 ## - DESCRIPCIÓN FÍSICA | |
| Extensión | 1 página ; |
| Dimensiones | 42 cm |
| 336 ## - TIPO DE CONTENIDO | |
| Término de tipo de contenido | Texto |
| Fuente | rdacontent |
| 337 ## - TIPO DE MEDIO | |
| Nombre/término del tipo de medio | sin mediación |
| Fuente | rdamedia |
| 338 ## - TIPO DE SOPORTE | |
| Nombre/término del tipo de soporte | volumen |
| Fuente | rdacarrier |
| 500 ## - NOTA GENERAL | |
| Nota general | Fotocopia del artículo sobre la conferencia "Historia de la ética en España", dada por Francisco Silvela en el Ateneo de Madrid, publicado en el periódico "El Gráfico", 8 de noviembre de 1904 |
| 600 14 - PUNTO DE ACCESO ADICIONAL DE MATERIA--NOMBRE DE PERSONA | |
| Nombre de persona | Silvela, Francisco, |
| Fechas asociadas al nombre | 1845-1905 |
| 9 (RLIN) | 106425 |
| 610 24 - PUNTO DE ACCESO ADICIONAL DE MATERIA--NOMBRE DE ENTIDAD CORPORATIVA | |
| Nombre de entidad corporativa o nombre de jurisdicción como elemento de entrada | Ateneo de Madrid- |
| Subdivisión de forma | Conferencias- |
| Subdivisión cronológica | 1900-1939 |
| 9 (RLIN) | 1907 |
| 650 #4 - PUNTO DE ACCESO ADICIONAL DE MATERIA--TÉRMINO DE MATERIA | |
| Término de materia o nombre geográfico como elemento de entrada | Ética- |
| Subdivisión geográfica | España |
| 9 (RLIN) | 241601 |
| 655 #4 - TERMINO DE INDIZACIÓN--GENERO/FORMA | |
| Datos o término principal de género/forma | Artículos |
| 9 (RLIN) | 175745 |
| 852 4# - LOCALIZACIÓN | |
| Ubicación | ES-MaACL |
| Ubicación en estantería | Depósito folletos |
| Número de control de estantería | 2347-F-21 |
| itemnumber | 201156 |
| 942 ## - ELEMENTOS DE ENTRADA SECUNDARIOS (KOHA) | |
| Fuente del sistema de clasificación o colocación | Clasificación decimal universal |
| Tipo de ítem Koha | Artículo de prensa |
| Suprimir en OPAC | No |
| Estatus retirado | Estado de pérdida | Fuente del sistema de clasificación o colocación | Estado de daño | No para préstamo | Colección | Biblioteca de origen | Biblioteca actual | Ubicación en estantería | Fecha de adquisición | Total de préstamos | Signatura topográfica completa | Código de barras | Visto por última vez | Tipo de ítem Koha |
|---|---|---|---|---|---|---|---|---|---|---|---|---|---|---|
| Clasificación decimal universal | Fondo Ateneo de Madrid | Biblioteca del Ateneo de Madrid | Biblioteca del Ateneo de Madrid | Depósito folletos | 01/02/2024 | 2347-F-21 | 101206622 | 01/02/2024 | Artículo de prensa |
